| 000 | 01561cam a2200253 4500 | ||
|---|---|---|---|
| 001 | WB4020-06 | ||
| 008 | 040526n2004 000 0 eng u | ||
| 035 | _a(Sirsi) u126296 | ||
| 245 | _aDecontamination of buildings and infrastructure | ||
| 260 | _c2004 | ||
| 490 |
_aRICS Facilities Management Faculty News _v24 May 2004 (1) |
||
| 520 | _aThe government has published guidance to help organisations with planning and decontamination of buildings and infrastructure following a chemical, biological, radiological or nuclear (CBRN) incident. Strategic national guidance setting out procedures for decontamination and the roles and responsibilities of those involved is available at http://www.odpm.gov.uk/pns//pnattach/20040126/2. Precautions to minimise the effects of a CBRN event on buildings and infrastructure, which advise on pre-planning measures that owners and managers can take to prevent and limit the spread of contamination, and to facilitate decontamination are available at http://www.odpm.gov.uk/stellent/groups/odpm_fire/d ocuments/page/odpm_fire_028818.pdf. http://www.rics.org/ricscms/bin/show?class=News&te mplate=/includes/shownews.html&id=9017&faculty=Fac ilities%20Management&faculty=All%20Faculties | ||
| 590 | _aWB | ||
| 590 | _aWB | ||
| 650 | _aPRE-PLANNING MEASURES | ||
| 650 | _aBUILDINGS | ||
| 650 | _aBUILT ENVIRONMENT | ||
| 650 | _aCBRN INCIDENTS | ||
| 650 |
_aInfrastructure _96246 |
||
| 650 | _aSTRATEGIC NATIONAL GUIDANCE | ||
| 650 | _aDECONTAMINATION | ||
| 690 | _aENVIRONMENT-CONTAMINATION | ||
| 942 | _n0 | ||
| 999 |
_c117405 _d117405 |
||